Georeliéf Liptova

Bibliographic Details
Main Author: Makarová, Eva (Author)
Format: Article
Language:Slovak
PhysicalDescription:Obr. 5, lit. 6 zázn. v slov.
Subjects:

MARC

LEADER 00000nab a2200000 a 4500
001 vtls000568676
003 SK-MaSNL
005 20260304092333.0
008 250425c1995 xo 0 slo
015 |a SNBRB19rr/mm-uuuuu 
035 |a CL0568814 
035 |a urn:nbn:sk:snk-ab2ixc 
035 |a (urnnbn)urn:nbn:sk:snk:ar-a02hej 
035 |a (uuid)0fbf2e56-4590-47db-a910-804909dce66f 
040 |a SNKBUCL  |b slo  |c SNKBUCL  |e AACR2 
041 0 |a slo 
044 |a xo  |c SK 
080 |a 551.43(437.6)  |2 1981 
100 1 |a Makarová, Eva  |4 aut  |9 7075 
245 1 0 |a Georeliéf Liptova  |c Eva Makarová 
300 |b Obr. 5, lit. 6 zázn. v slov. 
650 0 7 |a georeliéf  |2 snkbucl  |9 635479 
651 7 |a Liptov (Slovensko : región)  |2 snkbucl  |9 151081 
655 7 |a články z novín a časopisov  |2 snkbucl  |9 267496 
773 0 |t Geografia  |g Roč. 3, č. 4 (1995), s. 123-125 
850 |a Slovenská národná knižnica 
852 |a Slovenská národná knižnica 
954 |a odborná, vedecká literatúra pôvodná (slovenská)  |2 lita 
958 |a article27 
958 |a NB 
958 |a RK 
958 |a SK 
958 |a OND 
958 |a EUIPO 
992 |a RBX 
999 |c 2818769  |d 2820699